U.S. State Capitals that are the Largest City - Statistics

General Stats
  • This quiz has been taken 1,033 times
    942 since last reset
  • The average score is 14 of 17
Answer Stats
Answer % Correct
Phoenix
93%
Atlanta
92%
Boston
91%
Denver
86%
Oklahoma City
85%
Indianapolis
83%
Columbus
82%
Boise
81%
Salt Lake City
81%
Honolulu
80%
Nashville
80%
Jackson
77%
Providence
76%
Des Moines
75%
Little Rock
74%
Cheyenne
72%
Charleston
66%
No matching quizzes found
Score Distribution
Percent of People with Each Score
Percentile by Number Answered
Your Score History
You have not taken this quiz since the last reset